|
|
|
|
| LEADER |
00646nam a22001811a 4500 |
| 020 |
|
|
|a 9789386042262
|
| 082 |
|
|
|a 294.513
|b DAM/M
|
| 100 |
|
|
|a Damodar Dharmanand Kosambi
|9 178393
|
| 245 |
|
|
|a Myth and reality:
|c by Damodar Dharmanand Kosambi
|b studies in the formation of Indian culture/
|
| 260 |
|
|
|a New Delhi:
|b Sage,
|c 2016.
|
| 300 |
|
|
|a 135p.
|
| 650 |
|
|
|a Mythology
|9 178394
|
| 650 |
|
|
|a Myth
|9 178395
|
| 650 |
|
|
|a Myth Culture
|9 178396
|
| 650 |
|
|
|a Religion
|9 178397
|
| 942 |
|
|
|c BK
|
| 999 |
|
|
|c 142884
|d 142884
|
| 952 |
|
|
|0 0
|1 0
|4 0
|6 294_513000000000000_DAM_M
|7 0
|9 99109
|a SSUS
|b SSUS
|c STACKS
|d 2019-09-20
|g 295.00
|o 294.513 DAM/M
|p 096211
|r 2019-09-20
|w 2019-09-20
|y BK
|